Pelleted poultry rations /

Bibliographic Details
Main Author: Wilkins, Stanley Dean
Format: Book
Language:English
Published: [Los Angeles] : [Eureka Publishing Company], 1938.
Edition:1st ed.
Subjects:

MARC

Tag First Indicator Second Indicator Subfields
LEADER 00000cam a2200000 4500
001 in00000021566
005 20151007063639.0
008 800703s1938 caua 00010 eng
010 |a  38008915  
035 |a (OCoLC)06483296 
035 |9 AAD7897AM 
040 |a DLC  |c TXA  |d UtOrBLW 
049 |a TXAM  |c [100370] 
050 0 |a SF494  |b .W5 
051 |c Copy 2. 
082 0 |a 636.508557 
092 |a 636.5085  |b W685p 
100 1 |a Wilkins, Stanley Dean. 
245 1 0 |a Pelleted poultry rations /  |c by Stanley Dean Wilkins ... 
250 |a 1st ed. 
264 1 |a [Los Angeles] :  |b [Eureka Publishing Company],  |c 1938. 
300 |a 3 pages ., 70 pages :  |b illustrations, diagrams ;  |c 20 cm. 
336 |a text  |b txt  |2 rdacontent 
337 |a unmediated  |b n  |2 rdamedia 
338 |a volume  |b nc  |2 rdacarrier 
650 0 |a Poultry. 
650 0 |a Feeds. 
999 |a MARS 
999 f f |s ced6b278-edff-3803-a9ad-b2d289312898  |i 58b5ee2a-0600-3568-b415-abbb6c541567  |t 0 
952 f f |p ric  |a Texas A&M University  |b Rellis Campus  |c Joint Library Facility  |d Remote Storage  |t 0  |e SF494 .W5  |h Library of Congress classification  |i unmediated -- volume  |m A14801092764 
998 f f |a SF494 .W5  |t 0  |l Remote Storage